| 000 | 00694nam a22002057a 4500 | ||
|---|---|---|---|
| 003 | OSt | ||
| 005 | 20251206033101.0 | ||
| 008 | 251206b |||||||| |||| 00| 0 eng d | ||
| 020 | _a 978-0684-84148-9 | ||
| 040 |
_aDWC-Main lib _cOC |
||
| 082 | _aCirc. 658 P844c 1980 | ||
| 100 | _aPorter, Michael E. | ||
| 245 |
_aCompetitive strategy : _btechniques for analyzing industries and competitors/ _cMichael E. Porter |
||
| 260 |
_a New York : _bFree Press _c, c1980 |
||
| 300 |
_a xxi, 368 pages : _b illustrations ; _c 23cm. |
||
| 504 | _aIncludes bibliographical references and index. | ||
| 650 | _a1. Competition | ||
| 650 | _a2. Industrial management. | ||
| 942 |
_2ddc _cBK-CIRC _kCirc. _n0 |
||
| 999 |
_c6999 _d6999 |
||